| 000 | 01032cam a2200313 i 4500 | ||
|---|---|---|---|
| 001 | 18276437 | ||
| 003 | EG-ScBUE | ||
| 005 | 20250701100650.0 | ||
| 008 | 140822t2014 flua f b 001 0 eng d | ||
| 020 | _a9781439840436 | ||
| 040 |
_aBTCTA _beng _erda _cBTCTA _dYDXCP _dLTSCA _dDLC _dEG-ScBUE |
||
| 082 | 0 | 4 |
_a539.7217 _222 _bKEL |
| 100 | 1 |
_aKeller, Ole, _eauthor. _938652 |
|
| 245 | 1 | 0 |
_aLight : _bthe physics of the photon / _cOle Keller, Aalborg University, Denmark. |
| 264 | 1 |
_aBoca Raton : _bCRC Press / Taylor & Francis Group, _c[2014] |
|
| 264 | 4 | _cc2014 | |
| 300 |
_axix, 462 pages : _billustrations ; _c26 cm. |
||
| 336 |
_2rdacontent _atext _btxt |
||
| 337 |
_2rdamedia _aunmediated _bn |
||
| 338 |
_2rdacarrier _avolume _bnc |
||
| 490 | 1 | _aSeries in optics and optoelectronics | |
| 504 | _aIncludes bibliographical references and index. | ||
| 650 | 7 |
_aPhotons. _2BUEsh _934791 |
|
| 650 | 7 |
_aLight. _2BUEsh |
|
| 651 | _2BUEsh | ||
| 653 |
_bENGGEN _cJune2015 _cNovember2015 |
||
| 655 | _vReading book | ||
| 942 |
_2ddc _cBB |
||
| 999 |
_c19601 _d19573 |
||